[Event "Malambo B"]
[Site "Malambo"]
[Date "2011.07.28"]
[Round "2.2"]
[White "Esquivia Cuadrado, Franklin Javier"]
[Black "Escorcia Blanco, Yairo"]
[Result "1-0"]
[WhiteElo "1963"]
[BlackElo "1576"]
[PlyCount "49"]
[EventDate "2011.07.28"]
[EventType "swiss"]
[EventRounds "5"]
[EventCountry "COL"]
[SourceTitle "EXT 2024"]
[Source "ChessBase"]
[SourceDate "2023.10.10"]
[SourceVersion "1"]
[SourceVersionDate "2023.10.10"]
[SourceQuality "1"]

1. e4 e5 2. f4 Nc6 3. Nf3 f6 4. fxe5 fxe5 5. Bc4 Nf6 6. 0-0 Nxe4 7. Nxe5 Bc5+ 8. Kh1 Nf2+ 9. Rxf2 Bxf2 10. Qh5+ g6 11. Nxg6 Qf6 12. Nxh8+ Kd8 13. Nf7+ Ke7 14. Nc3 Qd4 15. d3 Be3 16. Bxe3 Qxe3 17. Nd5+ Kf8 18. Nxe3 d6 19. Nxd6 Nd8 20. Qe8+ Kg7 21. Rf1 cxd6 22. Qg8+ Kh6 23. Rf6+ Kh5 24. g4+ Kh4 25. Rh6# 1-0